[Event "Graz Open 2018"]
[Site "Graz"]
[Date "2018.02.20"]
[Round "5"]
[White "Cerovic, Danilo"]
[Black "Nguyen, Piotr"]
[Result "0-1"]
[WhiteElo "2340"]
[BlackElo "2421"]
[Annotator "TA"]
[PlyCount "80"]
[EventDate "2018.??.??"]
[EventType "swiss"]
[EventCountry "AUT"]
[SourceTitle "playchess.com"]
[Source "ChessBase"]
[SourceQuality "1"]

{[%evp 24,80,0,0,0,0,5,-84,-78,-87,-60,-56,-59,-57,0,-125,-111,-95,-122,-113,-113,-179,-171,-182,-182,-181,-162,-189,-158,-170,-97,-95,-105,-99,-18,-13,0,-30,-29,-26,0,-138,-140,-147,-131,-165,-145,-260,-153,-283,-283,-339,-297,-601,-601,-600,-600,-592,-582]} 1. e4 c5 2. Nf3 g6 3. d4 cxd4 4. Nxd4 Nc6 5. Nc3 Bg7 6. Be3 Nf6 7. Bc4 O-O 8. Bb3 d6 9. h3 Na5 10. O-O b6 11. Re1 {B72: Sicilian Dragon: 6 Be3, lines with h3+Bc4 and sidelines} Bb7 12. Bg5 h6 13. Bh4 {[#] LiveBook: 5 Games. The position is equal.} Qd7 $146 ({Predecessor:} 13... Re8 14. Ba4 Nd7 15. Nd5 g5 16. Bg3 e6 17. Nb4 a6 18. Ndc6 Qc8 19. Nxa5 bxa5 20. Qxd6 {0-1 (35) Adhiban,B (2627)-Sutovsky,E (2619) Biel 2015}) 14. Qd2 Rac8 15. Nf3 (15. Rad1 $11) 15... g5 $1 $17 {[%cal Rg5h4]} 16. Bg3 Nc4 17. Bxc4 $1 Rxc4 18. Qd3 Rfc8 (18... Qc8 $15 19. Nd2 Rb4) 19. Nd2 (19. Rad1 $11 {keeps the balance.}) 19... R4c7 20. Qe2 {[#]} b5 $1 {[%cal Bb6b5,Bb5b4][%mdl 544] Strongly threatening ...b4.} 21. a3 (21. Nxb5 Rxc2) 21... a5 22. Qd1 (22. h4 $17) 22... b4 $1 $19 {[%cal Rb4c3]} 23. axb4 axb4 24. Na4 {White wants to play Nb6.} Qb5 $1 25. c4 bxc3 26. bxc3 Nd7 (26... Bc6 $1 $19 27. e5 Ne8) 27. Nb3 $17 Ra8 ({Much weaker is} 27... Bxc3 $6 28. Nxc3 Rxc3 29. Nd4 $11) 28. Nd4 Bxd4 ({Black should try} 28... Qa5 $17 29. Nf5 Ne5) 29. cxd4 $11 Nf6 30. f3 (30. Nc5 $5) 30... Nh5 31. Bh2 Qb4 {...Bc6 is the strong threat.} 32. d5 {[#]} (32. Re2 $11) 32... Bc8 $1 $36 {[%cal Rc8d7][%mdl 2048] Hoping for ...Bd7. Black is really pushing.} 33. e5 {aiming for exd6.} Bf5 {White must now prevent ...Bc2.} 34. exd6 exd6 35. Ra2 {[#]} (35. Nb2 $17 Rxa1 36. Qxa1) 35... Bc2 $1 {[%mdl 512]} 36. Qa1 (36. Bxd6 $17 {was the only chance.} Bxd1 37. Bxb4 Bxa4 38. d6) (36. Rxc2 Rxc2) 36... Bxa4 $19 37. Re4 Rc4 38. Bxd6 $2 (38. Rxc4 Qxc4 39. Bxd6) 38... Qb6+ {Black is clearly winning.} 39. Kh1 Rxe4 ({Not} 39... Qxd6 $2 40. Rxc4 Ng3+ 41. Kg1 $18) 40. fxe4 Qxd6 {Precision: White = 43%, Black = 71%.} 0-1

[Event "Graz Open 2018"]
[Site "Graz"]
[Date "2018.02.20"]
[Round "5"]
[White "Szustakowski, Antoni"]
[Black "Almasi, Istvan"]
[Result "0-1"]
[WhiteElo "2303"]
[BlackElo "2407"]
[Annotator "TA"]
[PlyCount "110"]
[EventDate "2018.??.??"]
[EventType "swiss"]
[EventCountry "AUT"]
[SourceTitle "playchess.com"]
[Source "ChessBase"]
[SourceQuality "1"]

{[%evp 16,110,35,10,33,31,28,15,29,8,13,2,6,-2,0,-16,15,-20,-3,-66,-22,-14,-24,-24,-31,-48,-29,-52,-55,-45,-44,-49,-27,-73,-54,-92,-78,-78,-57,-52,-71,-105,-113,-213,-191,-250,-239,-249,-210,-208,-202,-320,-320,-318,-285,-352,-347,-323,-264,-291,-240,-237,-233,-223,-221,-227,-224,-386,-368,-384,-388,-378,-377,-505,-328,-301,-300,-347,-340,-365,-359,-354,-317,-317,-299,-835,-604,-832,-835,-805,-792,-803,-802,-790,-770,-746,-731]} 1. d4 g6 2. e4 Bg7 3. Nf3 d6 4. Bc4 Nf6 5. Qe2 O-O 6. e5 dxe5 7. dxe5 Nd5 8. O-O c6 9. h3 Nd7 {B04: Alekhine's Defence: 4 Nf3} (9... Be6 10. Nbd2 Nd7 11. Re1 a5 12. a3 b5 13. Ba2 Qb6 14. c4 Nc7 15. Nf1 b4 16. Ng3 b3 17. Bb1 {0-1 (41) Kovalenko,I (2668)-Anton Guijarro,D (2627) Almaty 2016}) 10. Re1 Nc5 11. a3 $146 ({Predecessor:} 11. Nbd2 Nb6 12. Nb3 Be6 13. Nxc5 Bxc4 14. Qe3 Qc7 15. b3 Bd5 16. Nd4 Nd7 17. Nxd7 Qxd7 {½-½ (30) Magem Badals,J (2470)-Schlosser,P (2564) France 2008}) 11... Nb6 {The position is equal.} 12. Ba2 Be6 13. Be3 Bxa2 14. Rxa2 {[#] Hoping for Rd1.} Ne6 15. c4 a5 16. b4 Nd7 17. Bc1 (17. Rd2 $11 Qc7 18. Ng5) 17... Qc7 18. Rd2 axb4 19. axb4 Rfd8 20. Bb2 Nb6 21. Red1 Rxd2 22. Nbxd2 Ra2 23. Ba1 c5 24. b5 Bh6 25. Qd3 Bxd2 26. Nxd2 Qd7 $36 {[%mdl 2048] White is under pressure.} 27. Qxd7 Nxd7 28. g3 Nb6 29. Kg2 (29. Bc3 $17) 29... Rc2 $19 30. h4 (30. Kf1 {was called for.}) 30... h5 31. Kf3 Nxc4 32. Nxc4 Rxc4 {[%mdl 4096] Endgame KRB-KRN} 33. Rb1 (33. Ke3 {might work better.}) 33... b6 34. Ke3 Nc7 35. Kd3 Ra4 36. Bc3 Nd5 37. Bd2 e6 38. Kc2 Rc4+ 39. Kd3 Rd4+ 40. Kc2 Re4 41. f4 $2 {[#]} (41. Kd3 {is a better defense.} Ra4 42. Kc2) 41... Re2 42. Kd3 Rg2 43. Be1 Ra2 44. Kc4 Ra4+ 45. Kd3 Ra3+ 46. Kc2 c4 47. Kb2 Re3 48. Rc1 Kf8 49. Bf2 Rb3+ 50. Ka2 $2 (50. Ka1) 50... Nb4+ {Black is clearly winning.} 51. Ka1 Nd3 52. Rc2 Nxf2 53. Rxf2 Rxb5 54. Rc2 Rb4 55. Ka2 b5 {Precision: White = 32%, Black = 58%.} 0-1

[Event "Graz Open 2018"]
[Site "Graz"]
[Date "2018.02.20"]
[Round "5"]
[White "Paszewski, Mateusz"]
[Black "Tomczak, Mikolaj"]
[Result "1-0"]
[WhiteElo "2289"]
[BlackElo "2383"]
[Annotator "TA"]
[PlyCount "79"]
[EventDate "2018.??.??"]
[EventType "swiss"]
[EventCountry "AUT"]
[SourceTitle "playchess.com"]
[Source "ChessBase"]
[SourceQuality "1"]

{[%evp 19,79,32,47,10,12,-9,64,47,43,-23,-3,-66,-3,0,0,-2,0,-14,0,-15,-5,-77,-11,-13,162,162,122,94,829,0,0,0,0,0,0,0,0,0,90,11,145,148,153,143,129,60,117,8,545,553,528,491,868,873,865,912,1089,1039,29973,1072,1064,1060]} 1. e4 c5 2. Nf3 e6 3. d4 cxd4 4. Nxd4 Nf6 5. Nc3 d6 6. f4 Nc6 7. Be3 e5 8. Nf3 {B82: Sizilianisch (Scheveninger System)} exf4 (8... Ng4 9. Qd2 Nxe3 10. Qxe3 exf4 11. Qxf4 Be7 12. O-O-O O-O 13. Nd5 Re8 14. Kb1 Bf8 15. Bc4 Be6 16. Rhf1 Rb8 17. Ng5 Ne5 18. Bb3 Be7 19. Nf3 Bxd5 20. Nxe5 {1-0 (45) L'Ami,E (2610)-Van Wely,L (2675) Amsterdam 2017}) 9. Bxf4 Be7 10. Bc4 O-O {LiveBook: 5 Partien} 11. Bb3 a5 $146 ({Vorgänger:} 11... b5 12. O-O b4 13. Nd5 Ba6 14. Re1 Nxd5 15. Qxd5 Na5 16. Nd4 Bb7 17. Qh5 Nxb3 18. axb3 {1-0 (39) Oleksienko,M (2363)-Kononenko,D (2457) Alushta 2004}) 12. Qe2 b5 (12... a4 $11 13. Bxa4 d5 14. exd5 Nxd5 15. Nxd5 Qxd5 16. Bxc6 Qxc6) 13. Qxb5 Nb4 14. Qe2 (14. O-O-O $14) 14... a4 $11 15. Bxa4 (15. Bc4 $1 $11) 15... d5 (15... Rxa4 $15 16. Nxa4 d5) 16. Bb3 {Und weiter mit exd5 wäre nett.} dxe4 17. Ne5 $1 $132 {[%mdl 2048] Weiss puts up resistance} (17. Nxe4 Ba6 $17) 17... Qb6 18. O-O-O Be6 $1 {[%cal Re6b3] ...Lxb3 ist eine echte Drohung.} 19. Kb1 Rfc8 20. Qb5 (20. Be3 $1 $11 Bc5 21. Bxc5 Rxc5 22. Nc4) 20... Qa7 (20... Qxb5 $17 21. Nxb5 Bxb3 22. cxb3 Rxa2) 21. Nc4 $1 (21. Bxe6 fxe6 22. Rd7 Nxd7 $17) 21... Nd7 $2 (21... Rc5 $11 {und Schwarz muss sich keine Sorgen machen.} 22. Qxb4 Rxc4 23. Qxc4 Bxc4 24. Bxc4 Rc8) 22. Be3 $1 $18 {[%cal Re3a7]} Qc7 23. Nb6 Nxa2 $2 {[%mdl 8192]} (23... Nxb6 $16 24. Bxb6 Bxb3 25. cxb3 (25. Bxc7 Bxc2+ 26. Kc1 Rxc7 $11) 25... Qf4) 24. Nxc8 $2 ({Weniger gut wäre} 24. Nxa2 Bxb3 25. Qxb3 Nxb6 $18) (24. Ncd5 $18 Qd8 25. Nxa8 Rxa8 26. Nxe7+ Qxe7 27. Bxe6 Nc3+ 28. bxc3) 24... Nxc3+ $11 25. bxc3 Rxc8 26. Bxe6 Rb8 27. Qxb8+ Qxb8+ 28. Bb3 Ne5 (28... Nb6 $11) 29. Bf4 (29. Rd4 $1 $16) 29... g5 (29... Bf6 $11 {hält das Gleichgewicht.}) 30. Bg3 $1 $16 {Und Td5 würde nun gewinnen.} Kg7 {[#]} 31. Rd5 $1 Bd6 32. Rf1 (32. Rhd1 $16 Bc7 33. R1d4) 32... f6 {[#]} (32... h6 $14) 33. Rfd1 ({Lieber} 33. h4 $1 $16 {[%cal Rh4g5]} g4 34. Rfd1) 33... e3 $2 {[%mdl 8192]} (33... Bc7 $11 {und Schwarz ist OK.}) 34. Rxd6 $18 e2 35. R1d4 Qc7 (35... h5 $142 36. Rd2 Qc7) 36. Kb2 Qb7 37. Rb4 Qe7 38. Re6 Qc5 39. Re4 (39. Bxe5 $142 Qf8 40. Bxf6+ Qxf6 41. Rxf6 e1=Q 42. Rf7+ Kh6 43. Rb6+ Kh5 44. Rxh7+ Kg4 45. Be6+ (45. Rf6 Qa1+ 46. Kxa1 $11) 45... Qxe6 46. Rxe6) 39... Ng6 40. Rxe2 {Precision: Weiß = 38%, Schwarz = 25%.} 1-0

[Event "Graz Open 2018"]
[Site "Graz"]
[Date "2018.02.20"]
[Round "5"]
[White "Chylewski, Patryk"]
[Black "Freitag, Manfred"]
[Result "1/2-1/2"]
[WhiteElo "2261"]
[BlackElo "2382"]
[Annotator "TA"]
[PlyCount "48"]
[EventDate "2018.??.??"]
[EventType "swiss"]
[EventCountry "AUT"]
[SourceTitle "playchess.com"]
[Source "ChessBase"]
[SourceQuality "1"]

{[%evp 15,48,12,16,8,0,-7,-6,-6,1,-10,8,-33,-42,-17,0,-6,45,14,37,57,77,56,79,47,55,52,64,16,16,32,19,28,52,0,0]} 1. d4 Nf6 2. c4 g6 3. Nc3 d5 4. Bf4 Bg7 5. e3 O-O 6. Rc1 Be6 {D83: Grünfeld: 4 Bf4 Bg7 5 e3 0-0} 7. c5 c6 8. h3 Ne4 {LiveBook: 5 Games} 9. Nf3 $146 ({Predecessor:} 9. Bd3 Bf5 10. Nxe4 Bxe4 11. Bxe4 dxe4 12. Ne2 Nd7 13. O-O e5 14. dxe5 Nxe5 {0-1 (66) Nabaty,T (2640)-Zubov,A (2604) Zalakaros 2017}) 9... b6 10. Nxe4 dxe4 11. Nd2 Bd5 12. b4 e5 13. Bxe5 Bxe5 14. dxe5 bxc5 15. bxc5 Qe7 ({Black should play} 15... Nd7 $11) 16. Qc2 Qxe5 17. Bc4 $1 Rc8 18. O-O Nd7 {[%cal Bb8d7,Bd7f6,Bf6d5][%mdl 32]} 19. Nb3 Nf6 20. Rfd1 Rab8 21. Qc3 Qxc3 22. Rxc3 Rb4 23. Rd4 Rcb8 24. Bxd5 ({White should try} 24. Rc2 $14) 24... Nxd5 {Precision: White = 39%, Black = 33%.} 1/2-1/2

[Event "Graz Open 2018"]
[Site "Graz"]
[Date "2018.02.20"]
[Round "5"]
[White "Ongut, Tamas Gunes"]
[Black "Dastan, Muhammed Batuhan"]
[Result "0-1"]
[WhiteElo "2211"]
[BlackElo "2520"]
[Annotator "TA"]
[PlyCount "40"]
[EventDate "2018.??.??"]
[EventType "swiss"]
[EventCountry "AUT"]
[SourceTitle "playchess.com"]
[Source "ChessBase"]
[SourceQuality "1"]

{[%evp 15,40,21,24,24,27,-27,-20,-39,-22,-78,-62,-156,-126,-232,-236,-234,-241,-238,-241,-312,-307,-302,-316,-385,-368,-445,-431]} 1. e4 c5 2. Nf3 Nf6 3. Nc3 d6 4. d4 cxd4 5. Nxd4 a6 6. Bg5 Nbd7 7. Qe2 {B94: Sizilianisch (Najdorf-Variante mit 6.Lg5)} Qa5 (7... h6 8. Bxf6 Nxf6 9. O-O-O Qc7 10. Kb1 g6 11. h4 h5 12. g3 Bg4 13. f3 Bd7 14. Bh3 Bxh3 15. Rxh3 {0-1 (55) Jobava,B (2690)-Svidler,P (2765) Riadh 2017}) 8. Bd2 g6 {LiveBook: 3 Partien} 9. Nb3 $146 {Weiß hat minimalen Vorteil.} ({Vorgänger:} 9. g3 Bg7 10. Bg2 O-O 11. O-O Qb6 12. Nb3 Ne5 13. Be3 Qc7 14. Bd4 Bg4 {1-0 (41) Shankland,S (2662)-Asis Gargatagli,H (2531) Sitges 2017}) 9... Qc7 10. h4 ({Lieber} 10. g4) 10... h5 $11 11. f3 Bg7 12. O-O-O {[#]} (12. Qc4 $11 Qxc4 13. Bxc4) 12... b5 $1 $17 {[%cal Bb7b5,Bb5b4][%mdl 32]} 13. g4 ({Günstiger ist} 13. Be3 $15) 13... hxg4 14. fxg4 {[#]} (14. h5 $17) 14... b4 $1 $19 {[%cal Rb4c3]} 15. Nd5 Nxd5 16. exd5 Ne5 17. Rg1 Rxh4 {[%cal Rc8g4]} 18. Qf2 Rxg4 19. Rxg4 Nxg4 ({Keinesfalls} 19... Bxg4 20. Re1 $19) 20. Qg3 Bf5 {Precision: Weiß =  2%, Schwarz = 100%.} 0-1

[Event "Graz Open 2018"]
[Site "Graz"]
[Date "2018.02.20"]
[Round "5"]
[White "Schweighoffer, Martin"]
[Black "Baenziger, Fabian"]
[Result "1/2-1/2"]
[WhiteElo "2124"]
[BlackElo "2373"]
[Annotator "TA"]
[PlyCount "40"]
[EventDate "2018.??.??"]
[EventType "swiss"]
[EventCountry "AUT"]
[SourceTitle "playchess.com"]
[Source "ChessBase"]
[SourceQuality "1"]

{[%evp 16,40,3,-8,16,0,25,14,26,15,7,-10,-4,-9,0,0,-4,-75,15,18,14,0,20,0,31,0,28]} 1. e4 c5 2. Nf3 Nc6 3. d4 cxd4 4. Nxd4 Nf6 5. Nc3 d6 6. Bg5 e6 7. Be2 a6 8. O-O Be7 9. a4 {LiveBook: 8 Games. B62: Sicilian: Richter-Rauzer: 6...e6: Unusual White 7th moves} Bd7 (9... h6 {feels hotter.} 10. Bc1 d5 11. exd5 exd5 12. Bf3 O-O) 10. Be3 Nxd4 11. Qxd4 {White has an edge.} Bc6 12. Rfd1 O-O 13. f4 $146 ({Predecessor:} 13. e5 dxe5 14. Qxe5 Qb8 15. Bf4 Qxe5 16. Bxe5 Rfd8 17. Bc7 Rxd1+ 18. Rxd1 {½-½ (41) Zierk,S (2306)-Yermolinsky,A (2528) Las Vegas 2009}) 13... Qc7 14. Bf3 Rac8 15. Qd3 Rfd8 16. a5 {[#]} (16. Kh1 $11 {remains equal.}) 16... Qb8 (16... d5 $1 $17 {[%cal Rd5e4] aiming for ...dxe4.} 17. exd5 Bxd5) 17. Bb6 Re8 18. Be3 Red8 19. Bb6 Re8 20. Be3 Red8 {Precision: White = 25%, Black = 50%.} 1/2-1/2

[Event "Graz Open 2018"]
[Site "Graz"]
[Date "2018.02.21"]
[Round "6"]
[White "Socko, Bartosz"]
[Black "Deac, Bogdan-Daniel"]
[Result "1/2-1/2"]
[WhiteElo "2593"]
[BlackElo "2549"]
[Annotator "TA"]
[PlyCount "69"]
[EventDate "2018.??.??"]
[EventType "swiss"]
[EventCountry "AUT"]
[SourceTitle "playchess.com"]
[Source "ChessBase"]
[SourceQuality "1"]

{[%evp 20,69,16,10,18,22,21,0,0,0,0,0,0,13,8,4,8,-70,-70,-66,-56,-61,-4,-4,-7,-16,-20,-19,-16,-24,0,-59,-64,-73,-71,-79,0,-4,0,-167,-4,-4,-4,-4,-5,-6,0,0,0,-6,0,-2]} 1. d4 Nf6 2. c4 e6 3. Nf3 d5 4. g3 Be7 5. Bg2 O-O 6. O-O dxc4 7. Qc2 b6 {E05: Katalanisch} (7... a6 8. a4 Bd7 9. Qxc4 Bc6 10. Bg5 h6 11. Bxf6 Bxf6 12. Nc3 Bxf3 13. Bxf3 Qxd4 14. Qxc7 Nc6 15. Qxb7 Na5 16. Qc7 Qd8 17. Qf4 Rb8 18. Rfd1 {1-0 (33) Mamedyarov,S (2804)-Wei,Y (2743) Wijk aan Zee 2018}) 8. Bg5 Nd5 9. Bxe7 Qxe7 10. Qxc4 Ba6 11. Qc2 {LiveBook: 4 Partien} Nd7 {[%cal Bb8d7,Bd7f6,Bf6d5,Bd5c3][%mdl 32]} 12. Rd1 c5 13. Nc3 $146 (13. dxc5 {is more complex.} Nxc5 14. Nd4 Bb7 15. Nc3 Nb4 16. Qd2) ({Vorgänger:} 13. e4 Nb4 14. Qa4 Be2 15. Rd2 Bxf3 16. Bxf3 cxd4 17. Rxd4 {½-½ (28) Kobalia,M (2628)-Esipenko,A (2502) Moscow 2017}) 13... Nxc3 14. bxc3 Rac8 15. Qb2 Nf6 16. a4 cxd4 17. cxd4 Nd5 18. a5 ({Lieber} 18. Rd2 $11) 18... Nc3 $15 19. Rd2 b5 20. Ne5 {[%cal Bf3e5,Be5d3,Bd3c5][%mdl 32]} Qd6 (20... b4 $15) 21. Nd3 $1 $11 b4 {Droht ...Sxe2+! und aus.} 22. Nc5 Rb8 23. e3 Rfd8 24. h4 h6 25. Rc2 (25. Rc1 $11) 25... e5 $15 26. Nxa6 Qxa6 27. dxe5 Qc4 (27... Qe6 $17 {zielt auf ...Sd1 ab.} 28. Bf3 Qxe5) 28. a6 $11 Rb6 29. Ra5 $2 {[#]} (29. Rd2 $11 {und Weiss ist OK.} Rbb8 30. Rxd8+ Rxd8 31. Bf3) 29... h5 $2 (29... g5 $1 $19 30. Bf3 gxh4) 30. Bf3 {Die Stellung ist ausgeglichen.} g6 31. Kg2 Kg7 32. Be2 Qe4+ 33. Bf3 Qc4 34. Be2 Qe4+ 35. Bf3 {Precision: Weiß = 63%, Schwarz = 70%.} 1/2-1/2

[Event "Graz Open 2018"]
[Site "Graz"]
[Date "2018.02.21"]
[Round "6"]
[White "Sebenik, Matej"]
[Black "Gumularz, Szymon"]
[Result "1-0"]
[WhiteElo "2557"]
[BlackElo "2450"]
[Annotator "TA"]
[PlyCount "63"]
[EventDate "2018.??.??"]
[EventType "swiss"]
[EventCountry "AUT"]
[SourceTitle "playchess.com"]
[Source "ChessBase"]
[SourceQuality "1"]

{[%evp 24,63,44,33,55,43,55,33,43,40,75,70,81,68,97,62,93,78,95,98,191,189,186,201,197,197,183,185,336,348,341,329,446,225,467,462,492,481,501,466,1454,1426]} 1. d4 Nf6 2. c4 e6 3. Nf3 b6 4. g3 Bb7 5. Bg2 Be7 6. O-O O-O 7. Nc3 Ne4 8. Bd2 f5 9. Ne5 {E18: Queen's Indian: Old Main Line (4 g3 Bb7 5 Bg2 Be7 6 0-0 0-0 7 Nc3)} (9. Qc2 Nxc3 10. Qxc3 Bf6 11. Rad1 Nc6 12. Qe3 Ne7 13. Bc3 Qe8 14. Ne1 Bxg2 15. Nxg2 Ng6 16. Qd3 Rd8 17. e4 fxe4 18. Qxe4 {½-½ (41) Aronian,L (2780)-Ivanchuk,V (2757) Leuven 2017}) 9... Nxc3 10. Bxc3 Bxg2 11. Kxg2 Bf6 12. Qd3 d6 13. Qf3 {LiveBook: 3 Games} Nd7 14. Nc6 Qe8 15. e4 fxe4 16. Qxe4 Qf7 17. f4 $146 a6 18. a4 Rae8 19. Rae1 a5 20. Rf3 g6 21. Qe2 d5 (21... Nb8 $16 22. Nxb8 Rxb8) 22. Re3 $1 $18 dxc4 23. Qxc4 g5 {[#]} 24. Rf1 $1 ({But not} 24. Rxe6 $6 gxf4 25. gxf4 Bh4 $14) 24... Bg7 {[%cal Rg5f4]} 25. fxg5 Qg6 $2 (25... Qxf1+ 26. Qxf1 Rxf1 27. Kxf1 Kf7) 26. Rxf8+ Nxf8 27. h4 {[%cal Bh2h4,Bh4h5][%mdl 32]} Qf5 {[#]} 28. Qb5 (28. d5 $142 $1 {[%mdl 512]}) 28... Qc2+ $2 (28... Qxb5 29. axb5 Nd7) 29. Re2 {White is clearly winning.} Qd1 30. Qc4 Ng6 31. h5 Rf8 (31... Nf8 $142 32. Bd2 Qb1) 32. Be1 {Precision: White = 57%, Black = 17%.} 1-0

[Event "Graz Open 2018"]
[Site "Graz"]
[Date "2018.02.21"]
[Round "6"]
[White "Dastan, Muhammed Batuhan"]
[Black "Nguyen, Piotr"]
[Result "1-0"]
[WhiteElo "2520"]
[BlackElo "2421"]
[Annotator "TA"]
[PlyCount "89"]
[EventDate "2018.??.??"]
[EventType "swiss"]
[EventCountry "AUT"]
[SourceTitle "playchess.com"]
[Source "ChessBase"]
[SourceQuality "1"]

{[%evp 14,89,16,14,16,17,17,20,18,9,24,12,25,12,12,0,19,0,0,0,0,0,0,-29,-10,-29,91,103,97,95,152,134,168,168,159,145,131,95,91,91,118,59,60,60,52,29,29,33,39,41,188,177,172,178,245,254,256,254,274,279,279,279,279,279,279,279,279,279,1364,1485,921,904,1446,1452,4132,2438,29961,29961]} 1. e4 c5 2. Nf3 g6 3. d4 cxd4 4. Qxd4 Nf6 5. Nc3 Nc6 6. Qa4 d6 7. e5 dxe5 8. Nxe5 Bg7 {B27: Sicilian: 2 Nf3, unusual Black 2nd moves} 9. Bb5 (9. Nxc6 bxc6 10. Qxc6+ Bd7 11. Qa6 O-O 12. Be2 Qc7 13. O-O Ng4 14. g3 Rab8 15. Qa3 Bd4 16. Bxg4 Bxg4 {½-½ (40) Saric,I (2621)-Vocaturo,D (2592) Helsingor 2017}) 9... O-O 10. Nxc6 bxc6 {The position is equal.} 11. Bxc6 Rb8 12. O-O Qc7 13. Re1 {And now Bf4 would win.} Rb6 ({Of course not} 13... Ng4 $6 14. Bf4 $16) 14. Bf3 $146 ({Predecessor:} 14. Nd5 Nxd5 15. Bxd5 Bxb2 16. Bxb2 Rxb2 {½-½ (29) Trofimov,V (2400)-Tleptsok,R (2467) ICCF email 2014}) 14... Bb7 15. Bf4 {[%cal Bc1f4,Bf4g3,Bg3d6][%mdl 32]} Qc8 $1 16. Bxb7 Qxb7 17. Qa3 $36 {[%mdl 2048] White has some pressure.} Rb4 18. Bg3 Rc8 19. Rad1 h5 {[#]} (19... Bf8 $11) 20. Rxe7 $1 $16 Qxe7 21. Bd6 {[#]} Rxc3 $1 22. Qxc3 Qe2 23. Re1 Qxf2+ 24. Kxf2 Ng4+ 25. Ke2 Bxc3 26. bxc3 {[%mdl 4096] Endgame KRB-KRN} Ra4 27. Kd2 ({Better is} 27. h3 $16 Ra6 28. Rd1 (28. hxg4 Rxd6 29. gxh5 gxh5 $16)) 27... f5 $1 $14 28. Re7 Nf2 {aiming for ...Ne4+.} 29. Kc1 Rxa2 30. Be5 {Rg7+ is the strong threat.} Kf8 31. Re6 g5 ({Black should play} 31... Ng4 $14 32. Bd4 Kf7) 32. Rf6+ $18 Ke7 33. Rxf5 Ke6 (33... Ne4 {might work better.}) 34. Rxg5 ({Weaker is} 34. Rxf2 Kxe5 35. Re2+ Kd6 $14) 34... Ra5 35. Bf4 Rxg5 36. Bxg5 {KB-KN} Kd5 37. Be3 Ng4 38. Bxa7 Nxh2 39. Kd2 Ke4 40. c4 {[%cal Bc3c4,Bc4c5][%mdl 32]} Nf1+ $2 (40... Ng4 41. Kc3 Ne5) 41. Kc3 Ng3 42. Kb4 Ne2 43. Kb5 h4 44. Bf2 Nf4 45. c5 {Precision: White = 69%, Black = 49%.} 1-0

[Event "Graz Open 2018"]
[Site "Graz"]
[Date "2018.02.21"]
[Round "6"]
[White "Kanmazalp, Ogulcan"]
[Black "Sabuk, Piotr"]
[Result "1-0"]
[WhiteElo "2477"]
[BlackElo "2370"]
[Annotator "TA"]
[PlyCount "59"]
[EventDate "2018.??.??"]
[EventType "swiss"]
[EventCountry "AUT"]
[SourceTitle "playchess.com"]
[Source "ChessBase"]
[SourceQuality "1"]

{[%evp 19,59,29,40,26,22,22,24,16,20,14,15,13,19,20,23,16,31,29,18,0,19,16,15,15,15,24,252,244,247,243,387,381,436,403,393,397,385,379,644,639,657,653]} 1. Nf3 d6 2. e4 Nf6 3. Nc3 g6 4. d4 Bg7 5. Be2 O-O 6. O-O Nc6 7. d5 Nb8 8. Re1 e5 9. dxe6 Bxe6 10. Nd4 {B08: Pirc Defence: Classical System} Bd7 {LiveBook: 11 Games} 11. Be3 (11. Bf4 Nc6 12. Nxc6 Bxc6 13. e5 dxe5 14. Qxd8 Raxd8 15. Bxe5 Nd5 16. Bxg7 Kxg7 17. Nxd5 Bxd5 {½-½ (31) Aleksandrov,A (2595)-Smirin,I (2656) Tromsoe 2014}) 11... Nc6 12. Qd2 {The position is equal.} Re8 13. f3 Nxd4 14. Bxd4 Be6 $146 ({Predecessor:} 14... Bc6 15. Bc4 Qd7 16. Rad1 b5 17. Bb3 a5 {½-½ (31) Boskovic,D (2332)-Petronijevic,Z (2387) Yugoslavia 2000}) 15. Rad1 c6 16. Bf1 d5 17. exd5 Nxd5 18. Ne4 {[#] Bxg7 is the strong threat.} Bf5 19. Bc4 Bxe4 20. Bxg7 Bxf3 21. Rxe8+ Qxe8 22. Re1 Qd7 $2 (22... Be4 $1 $11) 23. Bh6 $18 Qg4 {Hoping for ...Bxg2.} 24. Bf1 $40 {[%mdl 128] White has strong attack.} b5 (24... g5 $142 25. Bxg5 Be4) 25. h3 {[%cal Bh2h3,Bh3h4][%mdl 32]} Qg3 26. Qf2 Qxf2+ 27. Kxf2 Bh5 28. g4 {[%cal Bg2g4,Bg4h5][%mdl 32]} g5 $2 (28... Bxg4 29. hxg4 Rb8) 29. gxh5 f6 {[#]} 30. h4 $1 {Precision: White = 89%, Black = 51%.} 1-0